000 00508nam a2200181Ia 4500
005 20250508152913.0
008 008 250505s9999 xx 000 0 eng d
037 _aTextual
040 _aFEDL
_beng
_cFEDL
041 _aeng
_2eng
084 _a362.7, CHA
_qFEDL
100 _aCharnley Jean
_9762698
245 0 _aArt of child placement
260 _aMinneapolis
_bThe University of Minnesota Press
_c1961
300 _axxi,265p.
942 _cTEXL
_h362.7, CHA
999 _c1339519
_d1339519